000 00460nam a22001937a 4500
003 bpm
005 20260421100636.0
008 260421b |||||||| |||| 00| p spa d
024 _aS. C. C. / M. C. y E. M.:
040 _aAR-CtUCP
041 _aspa
080 _aCDU
100 _aVarios autores
245 _aPoesía alemana del siglo XX
260 _aBuenos Aires
_bFausto
_c1974
650 _aLiteratura - Poesía
942 _cLIB
999 _c76674
_d76674